Statistics for Cookie Run Ovenbreak: All Cookies - Easy

Click here to take the quiz!

General Stats

  • This quiz has been taken 43 times
    (42 since last reset)
  • The average score is 51 of 126

Answer Stats

ClassSkillCookies% Correct
RareAlchemyAlchemist Cookie
85%
RareCherry BombsCherry Cookie
85%
EpicSorbet Shark TransformationSorbet Shark Cookie
80%
EpicAdventureAdventurer Cookie
75%
EpicCarrot FarmingCarrot Cookie
75%
CommonLast BRAVE Standing (nothing)GingerBrave
75%
EpicAvocado SmithingAvocado Cookie
70%
EpicCocoa CupCocoa Cookie
70%
RareMagnetic AuraAngel Cookie
65%
EpicGhost HelperBlackberry Cookie
65%
EpicLemon ShieldLemon Cookie
65%
EpicMango CanoeMango Cookie
65%
EpicViolin PerformanceMint Choco Cookie
65%
EpicRice Cake BunnyMoon Rabbit Cookie
65%
LegendaryTime Rift CreationTimekeeper Cookie
65%
EpicWerewolf TransformationWerewolf Cookie
65%
RareCheer SquadCheerleader Cookie
60%
RareSuper DevilDevil Cookie
60%
EpicDJ'ingDJ Cookie
60%
EpicPlum FistPlum Cookie
60%
EpicDark SwordsmanshipDark Choco Cookie
55%
LegendaryDark SpellsDark Enchantress Cookie
55%
EpicSuper Beach BallLime Cookie
55%
EpicMacaron ParadeMacaron Cookie
55%
EpicMarshmallow ParadeMarshmallow Cookie
55%
LegendaryMoonlight MagicMoonlight Cookie
55%
EpicHaunted HouseOnion Cookie
55%
EpicTennisOrange Cookie
55%
EpicFlying SquirrelPancake Cookie
55%
LegendaryWave BlastSea Fairy Cookie
55%
EpicCrossbowBeet Cookie
50%
EpicBirthday PartyBirthday Cake Cookie
50%
EpicUnicornCream Unicorn Cookie
50%
EpicWasabi SyrupDr. Wasabi Cookie
50%
RareGumball CannonGumball Cookie
50%
EpicPhotosynthesisHerb Cookie
50%
RareKnight BlastKnight Cookie
50%
RareShurikenNinja Cookie
50%
LegendaryDraconic BladestormPitaya Dragon Cookie
50%
EpicRage TornadoPurple Yam Cookie
50%
EpicGiant SquidSquid Ink Cookie
50%
EpicMagic SpellsWizard Cookie
50%
EpicBubbles, BubblesApple Cookie
45%
EpicChessChess Choco Cookie
45%
EpicJelly HornFig Cookie
45%
EpicHero ModeHero Cookie
45%
EpicDivine ShieldMilk Cookie
45%
RareKettlebell ThrowMuscle Cookie
45%
EpicHeart BlasterPink Choco Cookie
45%
EpicDoughnut BeamSpace Doughnut
45%
EpicSparkling PartySparkling Cookie
45%
CommonStrawberry JelliesStrawberry Cookie
45%
LegendaryDragon GeomancyAnanas Dragon Cookie
40%
EpicReady the Ice CannonsCaptain Ice Cookie
40%
EpicCherry Blossom BlastCherry Blossom Cookie
40%
EpicTreasure HuntingChili Pepper Cookie
40%
EpicCard TricksCinnamon Cookie
40%
EpicLove LettersCotton Candy Cookie
40%
CommonCandy JelliesGingerBright
40%
LegendaryCircle of TimeMillennial Tree Cookie
40%
EpicBandit TakedownPeach Cookie
40%
EpicPopcorn PartyPopcorn Cookie
40%
RarePink Heart JelliesPrincess Cookie
40%
EpicSnow FriendsSnow Sugar Cookie
40%
RareSode SurfingSoda Cookie
40%
EpicHealthy VegetablesSpinach Cookie
40%
RareBat ModeVampire Cookie
40%
EpicChurro PillarChurro Cookie
35%
EpicRumble, Tumble, SoarCookiemals
35%
EpicTime Rift MendingCroissant Cookie
35%
LegendaryFlame DashFire Spirit Cookie
35%
EpicGraffitiMustard Cookie
35%
EpicWhale SurfingPeppermint Cookie
35%
EpicPirate Ship, Ghost ShipPirate Cookie
35%
EpicCAKE POPs ConcertPopping Candy Cookie
35%
EpicMakes SandwichesSandwich Cookie
35%
CommonFaster Base SpeedSkater Cookie
35%
EpicFigure SkatingSkating Queen Cookie
35%
EpicJellysaur RiderDino-Sour Cookie
30%
EpicMagnetic ShieldFairy Cookie
30%
EpicArcadeFirecracker Cookie
30%
EpicRummagingGoblin Cookie
30%
RareFlightPilot Cookie
30%
EpicPomegranite MagicPomegranate Cookie
30%
EpicRaspberry RepriseRaspberry Mousse Cookie
30%
EpicFighting SpiritRed Pepper Cookie
30%
EpicRoad RollerRoll Cake Cookie
30%
EpicConcertShining Glitter Cookie
30%
RareRevivesZombie Cookie
30%
EpicMagic TomeBlueberry Pie Cookie
25%
RareCoin Fireworks PartyCheesecake Cookie
25%
EpicNewspaper DeliveryChestnut Cookie
25%
SpecialGames & AppsCookiedroid
25%
EpicMagic ApprenticeCream Puff Cookie
25%
EpicHotelierEarl Grey Cookie
25%
EpicCircus JugglingIce Juggler Cookie
25%
EpicThrasherMala Sauce Cookie
25%
EpicMining OperationMelon Bun Cookie
25%
EpicGreat StingrayMocha Ray Cookie
25%
RareSacred DashPistachio Cookie
25%
EpicProphetProphet Cookie
25%
EpicBell RingerPudding Cookie
25%
EpicDances the TangoRose Cookie
25%
EpicDetectiveWalnut Cookie
25%
EpicFencingWhite Choco Cookie
25%
LegendaryWind DashWind Archer Cookie
25%
EpicMeditationYoga Cookie
25%
EpicRoller Skating TrackGrapefruit Cookie
20%
EpicIce HockeyIce Candy Cookie
20%
EpicBike BlastKiwi Cookie
20%
EpicJelly SeductionKumiho Cookie
20%
EpicBamboo BrigandsLeek Cookie
20%
EpicSeed SpheresMatcha Cookie
20%
EpicPenguin Sled RidesRed Bean Cookie
20%
RareMusic JelliesRockstar Cookie
20%
EpicFisher's HarpoonSalt Cookie
20%
EpicBallet PerformanceWhipped Cream Cookie
20%
EpicMagic SongsCarol Cookie
15%
EpicCavalry ChargeGeneral Jujube Cookie
15%
EpicClaw ChargeLobster Cookie
15%
EpicSpear ThrowTiger Lily Cookie
15%
EpicMagical SpiritsYogurt Cream Cookie
15%
EpicHigh VoltageCyborg Cookie
10%
Epic3-Tier UpgradeIon Cookie Robot
10%
EpicVanishRougefort Cookie
10%
EpicSpider SeamstressTruffle Cookie
10%

Score Distribution

Percentile by Number Answered

Percent of People with Each Score

Your Score History

You have not taken this quiz since the last reset